000 00763cab a22002055a 4500
001 L157668
008 130225e20130209xxk 000 0 eng d
035 _a(Sirsi) u157668
041 0 _aeng
100 1 _aHighmore, Sue
245 0 0 _aPutting your energy into efficiency
260 _c2013
490 _aEstates Gazette
_v(1306) 9 February 2013, 96-98(3)
520 _aFollowing the British Property Federation's guide, 'Energy Efficiency and the Private Rented Sector', explains what this means for landlords. Explains the main features of the Green Deal including its finance along with case studies of energy efficiency measures.
590 _aKA
651 4 _aUnited Kingdom
690 _aEnergy
_96237
690 _aSustainability
_96271
942 _n0
999 _c84427
_d84427